Library Logo

Pioneer International University Library Catalogue

The new physics (Record no. 959)

MARC details
000 -LEADER
fixed length control field 00288nam a22000977a 4500
005 - DATE AND TIME OF LATEST TRANSACTION
control field 20250901165239.0
008 - FIXED-LENGTH DATA ELEMENTS--GENERAL INFORMATION
fixed length control field 210226b ||||| |||| 00| 0 eng d
050 ## - LIBRARY OF CONGRESS CALL NUMBER
Classification number QC71 .R36
245 ## - TITLE STATEMENT
Title The new physics
Remainder of title talks on aspects of science
Statement of responsibility, etc. RAMAN, C.V.
942 ## - ADDED ENTRY ELEMENTS (KOHA)
Source of classification or shelving scheme Library of Congress Classification
Classification part QC71 .R36 1951
Holdings
Withdrawn status Lost status Source of classification or shelving scheme Damaged status Not for loan Home library Current library Shelving location Date acquired Total checkouts Full call number Barcode Date last seen Price effective from Koha item type
    Library of Congress Classification     Main Library Main Library   02/26/2021   QC71 .R36 1951 PIU0190473 02/26/2021 02/26/2021 Books